[Event "FRM-ch op 20th"]
[Site "Struga"]
[Date "2011.07.17"]
[Round "2"]
[White "Skrcevski, Gavril"]
[Black "Stojanovski, Dejan"]
[Result "0-1"]
[WhiteElo "2267"]
[BlackElo "2427"]
[PlyCount "38"]
[EventDate "2011.07.16"]
[EventType "swiss"]
[EventRounds "9"]
[EventCountry "MKD"]
[SourceTitle "CBM 143 Extra"]
[Source "ChessBase"]
[SourceDate "2011.08.29"]
[SourceVersion "1"]
[SourceVersionDate "2011.08.29"]
[SourceQuality "1"]

1. Nf3 c5 2. c4 Nf6 3. Nc3 Nc6 4. d4 cxd4 5. Nxd4 g6 6. e3 Bg7 7. Be2 0-0 8. 0-0 d5 9. cxd5 Nxd5 10. Nxd5 Qxd5 11. Bf3 Qc5 12. Nxc6 bxc6 13. Qa4 Rb8 14. Rb1 Be6 15. Rd1 Rfd8 16. b4 Qc4 17. Ba3 Qxa2 18. Qxa7 Bd5 19. e4 Bb3 0-1

[Event "FRM-ch op 19th"]
[Site "Struga"]
[Date "2010.07.19"]
[Round "3"]
[White "Skrcevski, Gavril"]
[Black "Temkov, Blagoja"]
[Result "1-0"]
[WhiteElo "2215"]
[BlackElo "1960"]
[PlyCount "71"]
[EventDate "2010.07.18"]
[EventType "swiss"]
[EventRounds "9"]
[EventCountry "MKD"]
[SourceTitle "CBM 137 Extra"]
[Source "ChessBase"]
[SourceDate "2010.09.01"]
[SourceVersion "1"]
[SourceVersionDate "2010.09.01"]
[SourceQuality "1"]

1. Nf3 Nf6 2. g3 d5 3. Bg2 g6 4. 0-0 Bg7 5. c4 c6 6. d4 0-0 7. Nc3 dxc4 8. a4 Nd5 9. e4 Nb4 10. Be3 Bg4 11. h3 Bxf3 12. Bxf3 Qd7 13. Kg2 N8a6 14. e5 Nd5 15. Re1 Nab4 16. Ne4 Rfd8 17. Bg5 Qc7 18. Qd2 a5 19. Bh6 Nd3 20. Re2 Qb6 21. Bxg7 Kxg7 22. Ng5 Qxd4 23. Kh2 h6 24. Nxf7 Kxf7 25. Qxh6 Rh8 26. e6+ Kf6 27. Qd2 Rh7 28. h4 Rah8 29. Qg5+ Kg7 30. Bxd5 Rxh4+ 31. Kg1 Qxd5 32. Qxe7+ Kh6 33. Qxh4+ Kg7 34. Qxh8+ Kxh8 35. e7 Kg7 36. e8Q 1-0

[Event "FRM-ch op 19th"]
[Site "Struga"]
[Date "2010.07.18"]
[Round "1"]
[White "Skrcevski, Gavril"]
[Black "Pavlic, Petra"]
[Result "1-0"]
[WhiteElo "2215"]
[BlackElo "1508"]
[PlyCount "89"]
[EventDate "2010.07.18"]
[EventType "swiss"]
[EventRounds "9"]
[EventCountry "MKD"]
[SourceTitle "CBM 137 Extra"]
[Source "ChessBase"]
[SourceDate "2010.09.01"]
[SourceVersion "1"]
[SourceVersionDate "2010.09.01"]
[SourceQuality "1"]

1. Nf3 d5 2. c4 dxc4 3. a4 Nc6 4. e4 e5 5. Bxc4 Nf6 6. d3 Bc5 7. Be3 Bb6 8. 0-0 0-0 9. Nbd2 Bg4 10. h3 Bh5 11. Re1 Qe7 12. g4 Bg6 13. Bb5 Na5 14. b4 Qxb4 15. Nxe5 a6 16. Bxb6 cxb6 17. Bc4 Rad8 18. Rb1 Qc5 19. Nxg6 hxg6 20. Nb3 Nxb3 21. Qxb3 Nd7 22. Red1 Rc8 23. Bd5 Rc7 24. d4 Qe7 25. e5 Kh7 26. Rbc1 Rxc1 27. Rxc1 f6 28. e6 Nb8 29. Qxb6 Qa3 30. Qc5 Qb2 31. Qxf8 Qxc1+ 32. Kg2 Nc6 33. e7 Nxe7 34. Qxe7 b5 35. axb5 axb5 36. Be4 Qf4 37. d5 b4 38. d6 f5 39. gxf5 gxf5 40. Bb1 b3 41. d7 b2 42. d8Q Kg6 43. Qe6+ Kh5 44. Qf7+ g6 45. Qh7+ 1-0

[Event "FRM-ch op"]
[Site "Struga"]
[Date "2009.07.26"]
[Round "9"]
[White "Skrcevski, Gavril"]
[Black "Dinev, Dejan"]
[Result "0-1"]
[WhiteElo "2223"]
[BlackElo "2304"]
[PlyCount "104"]
[EventDate "2009.07.18"]
[EventType "swiss"]
[EventRounds "9"]
[EventCountry "MKD"]
[SourceTitle "CBM 131 Extra"]
[Source "ChessBase"]
[SourceDate "2009.09.03"]
[SourceVersion "2"]
[SourceVersionDate "2009.09.16"]
[SourceQuality "1"]

1. Nf3 d5 2. g3 Nf6 3. Bg2 g6 4. 0-0 Bg7 5. c4 c6 6. Re1 0-0 7. d4 Nbd7 8. Nc3 Nb6 9. Ne5 dxc4 10. e4 Nfd7 11. Ng4 h5 12. Ne3 Nf6 13. h3 Ne8 14. d5 cxd5 15. Ncxd5 Be6 16. Nf4 Nc7 17. Qe2 Qd4 18. a4 Rfd8 19. a5 Nd7 20. Nxe6 Nxe6 21. Nd5 Qc5 22. b4 Nd4 23. Qf1 Qd6 24. Bg5 Re8 25. Qxc4 e6 26. Qc7 Be5 27. Qxd6 Bxd6 28. Nf6+ Nxf6 29. Bxf6 Nc2 30. e5 Bxb4 31. Reb1 Nxa1 32. Rxb4 Nc2 33. Rxb7 a6 34. g4 Rab8 35. Ra7 hxg4 36. hxg4 Nb4 37. Be4 Rb5 38. Rc7 Na2 39. g5 Reb8 40. Bxg6 fxg6 41. Rg7+ Kf8 42. Rxg6 Rb4 43. f3 Rh4 44. Rg7 Nc3 45. Re7 Rb1+ 46. Kf2 Rb2+ 47. Kg3 Rbh2 48. f4 R4h3+ 49. Kg4 Ne2 50. Rxe6 Rg3+ 51. Kf5 Nd4+ 52. Kg6 Nxe6 0-1

[Event "FRM-chT"]
[Site "Struga"]
[Date "2007.07.26"]
[Round "4"]
[White "Skrcevski, Gavril"]
[Black "Ilievski, Borce"]
[Result "0-1"]
[WhiteElo "2230"]
[BlackElo "2220"]
[PlyCount "108"]
[EventDate "2007.07.23"]
[EventType "team-tourn"]
[EventRounds "7"]
[EventCountry "MKD"]
[SourceTitle "CBM 119 Extra"]
[Source "ChessBase"]
[SourceDate "2007.09.04"]
[SourceVersion "1"]
[SourceVersionDate "2007.09.04"]
[SourceQuality "1"]

1. Nf3 Nf6 2. g3 d5 3. c4 c6 4. Bg2 e6 5. 0-0 dxc4 6. a4 b6 7. Qc2 Bb7 8. Ne5 Qc7 9. Nxc4 c5 10. e4 Nc6 11. d3 Rd8 12. Ra3 Be7 13. h3 0-0 14. Re1 Rd7 15. Nbd2 Rfd8 16. Qb1 Nb4 17. Bf1 Ne8 18. Nf3 f6 19. Bf4 e5 20. Be3 Bf8 21. Rc1 g6 22. Bd2 Nc6 23. Qa2 Kh8 24. a5 b5 25. Ne3 a6 26. Nd5 Qd6 27. Nb6 Rc7 28. Rac3 Nb4 29. Qb3 Nc6 30. Rxc5 Qxc5 31. Rxc5 Bxc5 32. Nd5 Nd4 33. Nxd4 Bxd5 34. exd5 Bxd4 35. h4 h5 36. Bh3 f5 37. Kf1 Kg7 38. f4 Nd6 39. fxe5 Bxe5 40. Bc3 Bxc3 41. bxc3 Rdc8 42. Qb4 Nf7 43. Qd4+ Kf8 44. Qf6 Rxc3 45. Qxg6 b4 46. Bxf5 b3 47. Qb6 Rc1+ 48. Ke2 R8c2+ 49. Ke3 b2 50. Qb4+ Kg8 51. Be6 b1Q 52. Bxf7+ Kxf7 53. Qf4+ Ke8 54. Qe5+ Kd8 0-1

[Event "FRM-chT"]
[Site "Struga"]
[Date "2007.07.23"]
[Round "1"]
[White "Skrcevski, Gavril"]
[Black "Nestorovic, Dejan"]
[Result "1/2-1/2"]
[WhiteElo "2230"]
[BlackElo "2384"]
[PlyCount "109"]
[EventDate "2007.07.23"]
[EventType "team-tourn"]
[EventRounds "7"]
[EventCountry "MKD"]
[SourceTitle "CBM 119 Extra"]
[Source "ChessBase"]
[SourceDate "2007.09.04"]
[SourceVersion "1"]
[SourceVersionDate "2007.09.04"]
[SourceQuality "1"]

1. Nf3 d5 2. c4 e6 3. e3 Nf6 4. Nc3 c5 5. d4 Nc6 6. Be2 a6 7. a4 Be7 8. 0-0 0-0 9. b3 b6 10. Bb2 Bb7 11. Rc1 cxd4 12. exd4 Rc8 13. Ne5 Nb4 14. Qd2 Rc7 15. Rfd1 Qc8 16. a5 bxa5 17. Ra1 dxc4 18. bxc4 Qa8 19. Bf1 Rd8 20. Rxa5 Nc6 21. Nxc6 Rxc6 22. Rg5 Rcd6 23. Qe3 Ne8 24. Rg4 Bf6 25. Ne4 Bxe4 26. Rxe4 R6d7 27. Bd3 Nd6 28. Rf4 Bg5 29. c5 Nf5 30. Bxf5 exf5 31. Qg3 Bxf4 32. Qxf4 Rd5 33. Re1 Qb7 34. Bc3 h6 35. h4 Qb8 36. Qf3 Qc7 37. Ra1 Qc6 38. Ba5 R8d7 39. Bb6 Qb5 40. g3 f4 41. Re1 fxg3 42. fxg3 Qc4 43. Kg2 Kh7 44. h5 Qxd4 45. c6 Qxb6 46. cxd7 Qd6 47. Qe4+ f5 48. Qe8 Rd3 49. Re3 Rd2+ 50. Kg1 Rd1+ 51. Kf2 Qd2+ 52. Re2 Qd4+ 53. Re3 Qd2+ 54. Re2 Qd4+ 55. Re3 1/2-1/2

[Event "FRM CupT 15th"]
[Site "Skopje"]
[Date "2007.04.29"]
[Round "5"]
[White "Kocovski, Ivan"]
[Black "Skrcevski, Gavril"]
[Result "1/2-1/2"]
[WhiteElo "2247"]
[BlackElo "2229"]
[PlyCount "103"]
[EventDate "2007.04.25"]
[EventType "team-swiss"]
[EventRounds "5"]
[EventCountry "MKD"]
[SourceTitle "EXT 2019"]
[Source "ChessBase"]
[SourceDate "2018.10.10"]
[SourceVersion "1"]
[SourceVersionDate "2018.10.10"]
[SourceQuality "1"]

1. Nf3 Nf6 2. c4 g6 3. Nc3 d5 4. cxd5 Nxd5 5. g3 Bg7 6. Bg2 Nxc3 7. bxc3 0-0 8. 0-0 c5 9. Qa4 Qc7 10. Qh4 Re8 11. d4 Nd7 12. e4 e5 13. Bh6 Bh8 14. Be3 b6 15. dxc5 Nxc5 16. Bxc5 Qxc5 17. Rfd1 h5 18. Qg5 Be6 19. Nh4 Qe7 20. Qe3 Bf6 21. Nf3 Rac8 22. Bf1 Qc5 23. Qxc5 Rxc5 24. a4 Rxc3 25. Bb5 Rec8 26. Kg2 Bg4 27. Rd3 Rxd3 28. Bxd3 Rc3 29. Be2 Bxf3+ 30. Bxf3 Be7 31. Ra2 Bc5 32. Be2 Kf8 33. h4 a5 34. Ba6 Ke7 35. Bb5 Bd4 36. Kf1 Ke6 37. Kg2 Kf6 38. Be8 Rc8 39. Bb5 g5 40. hxg5+ Kxg5 41. Ra3 Bc3 42. Ra2 h4 43. Rc2 hxg3 44. fxg3 Rc5 45. Kf3 f5 46. exf5 Kxf5 47. Bd7+ Kg5 48. Bb5 Kf5 49. Bd7+ Kf6 50. Bb5 Ke7 51. Ke4 Kd6 52. g4 1/2-1/2

[Event "FRM CupT 15th"]
[Site "Skopje"]
[Date "2007.04.26"]
[Round "2"]
[White "Skrcevski, Gavril"]
[Black "Mitkov, Marjan"]
[Result "1-0"]
[WhiteElo "2229"]
[BlackElo "2401"]
[PlyCount "121"]
[EventDate "2007.04.25"]
[EventType "team-swiss"]
[EventRounds "5"]
[EventCountry "MKD"]
[SourceTitle "EXT 2019"]
[Source "ChessBase"]
[SourceDate "2018.10.10"]
[SourceVersion "1"]
[SourceVersionDate "2018.10.10"]
[SourceQuality "1"]

1. Nf3 d5 2. g3 Nf6 3. Bg2 Bg4 4. c4 c6 5. 0-0 e6 6. d4 Nbd7 7. Nc3 Bd6 8. h3 Bh5 9. Re1 0-0 10. Qb3 Rb8 11. cxd5 exd5 12. Nh4 Re8 13. g4 Nxg4 14. hxg4 Bxg4 15. Nf3 Bxf3 16. Bxf3 Qh4 17. Nxd5 cxd5 18. Qxd5 Re6 19. e4 Bg3 20. Re2 Rd6 21. Qh5 Rxd4 22. fxg3 Qxg3+ 23. Rg2 Qe1+ 24. Kh2 g6 25. Qg5 Re8 26. Be3 Qb4 27. Bxd4 Qxd4 28. Rd1 Qa4 29. b3 Qc6 30. Rd5 f6 31. Qf4 Ne5 32. Rgd2 Qc3 33. Kg2 Re6 34. Be2 Kg7 35. Rxe5 Qxe5 36. Rd7+ Kf8 37. Qxe5 Rxe5 38. Rxh7 Rxe4 39. Kf3 Re7 40. Rxe7 Kxe7 41. Bd3 f5 42. Ke3 Kf6 43. Kd4 g5 44. b4 g4 45. Kd5 f4 46. Ke4 Kg5 47. b5 b6 48. a3 f3 49. Ke3 Kh4 50. Kf4 Kh3 51. Bf1+ Kh2 52. Kxg4 Kg1 53. Bc4 f2 54. Kf5 f1Q+ 55. Bxf1 Kxf1 56. Ke5 Ke2 57. Kd6 Kd3 58. Kc7 Kc4 59. Kc6 Kb3 60. Kb7 Ka4 61. Ka6 1-0

[Event "FRM-ch 14th"]
[Site "Struga"]
[Date "2005.07.17"]
[Round "9"]
[White "Skrcevski, Gavril"]
[Black "Stamenkov, Vanco"]
[Result "1-0"]
[WhiteElo "2166"]
[BlackElo "2391"]
[PlyCount "113"]
[EventDate "2005.07.09"]
[EventType "swiss"]
[EventRounds "9"]
[EventCountry "MKD"]
[SourceTitle "CBM 107 Extra"]
[Source "ChessBase"]
[SourceDate "2005.09.01"]
[SourceVersion "1"]
[SourceVersionDate "2005.09.01"]
[SourceQuality "1"]

1. Nf3 Nf6 2. g3 d5 3. d4 c6 4. Bg2 Bf5 5. 0-0 Nbd7 6. c4 e6 7. Nc3 Be7 8. cxd5 exd5 9. Nh4 Be6 10. Qd3 0-0 11. Nf5 Bxf5 12. Qxf5 Re8 13. Rd1 Bb4 14. e3 Nb6 15. Qc2 Nc4 16. Ne2 Ne4 17. a3 Ba5 18. b3 Ncd6 19. Nf4 Qd7 20. a4 Qf5 21. Bh3 Qf6 22. Ba3 Rad8 23. Rf1 g5 24. Bxd6 Rxd6 25. Nd3 Nd2 26. b4 Nf3+ 27. Kg2 h5 28. bxa5 g4 29. Nf4 Ng5 30. Bxg4 hxg4 31. Rab1 Rd7 32. Rh1 Re4 33. Qd1 Qf5 34. h4 Nf3 35. h5 Re8 36. Qd3 Re4 37. Rb3 c5 38. dxc5 d4 39. a6 bxa6 40. Rb8+ Kh7 41. c6 Rde7 42. Rb7 Ne5 43. Qc2 d3 44. Nxd3 Rc4 45. Qxc4 Nxc4 46. Rxe7 Qxd3 47. c7 Nd6 48. Rxf7+ Kg8 49. Rd7 Qd5+ 50. Kg1 Qd1+ 51. Kh2 Qe2 52. Rg1 Nc8 53. Rd8+ Kg7 54. Rxc8 Qxf2+ 55. Rg2 Qf5 56. h6+ Kh7 57. Rd8 1-0

[Event "Macedonian op"]
[Site "Struga"]
[Date "2002.07.26"]
[Round "7"]
[White "Organdziev, Oliver"]
[Black "Skrcevski, Gavril"]
[Result "1-0"]
[WhiteElo "2330"]
[BlackElo "2175"]
[PlyCount "50"]
[EventDate "2002.07.20"]
[EventType "swiss"]
[EventRounds "9"]
[EventCountry "MKD"]
[SourceTitle "CBM 089 Extra"]
[Source "ChessBase"]
[SourceDate "2002.09.10"]
[SourceVersion "2"]
[SourceVersionDate "2002.09.10"]
[SourceQuality "1"]

1. c4 Nf6 2. Nc3 g6 3. g3 Bg7 4. Bg2 0-0 5. e4 d6 6. h3 c6 7. Nge2 Be6 8. d3 Qc8 9. g4 a6 10. a4 Rd8 11. Nf4 Bd7 12. g5 Ne8 13. Qf3 b5 14. axb5 cxb5 15. Nfd5 Nc6 16. Nb6 Nd4 17. Qd1 Qc5 18. Nxa8 Rxa8 19. 0-0 bxc4 20. Be3 Rb8 21. dxc4 Qxc4 22. Rb1 Nb5 23. Nd5 e6 24. b3 exd5 25. bxc4 dxc4 1-0

[Event "Macedonian op"]
[Site "Struga"]
[Date "2002.07.22"]
[Round "3"]
[White "Pancevski, Filip"]
[Black "Skrcevski, Gavril"]
[Result "0-1"]
[WhiteElo "2241"]
[BlackElo "2175"]
[PlyCount "88"]
[EventDate "2002.07.20"]
[EventType "swiss"]
[EventRounds "9"]
[EventCountry "MKD"]
[SourceTitle "CBM 089 Extra"]
[Source "ChessBase"]
[SourceDate "2002.09.10"]
[SourceVersion "2"]
[SourceVersionDate "2002.09.10"]
[SourceQuality "1"]

1. e4 d6 2. d4 Nf6 3. Nc3 g6 4. Bg5 Bg7 5. e5 dxe5 6. dxe5 Nfd7 7. Nd5 Nc6 8. f4 h6 9. Bh4 g5 10. Qh5 e6 11. 0-0-0 gxh4 12. Ne3 Qe7 13. Nf3 Qc5 14. Re1 Nd4 15. Nd2 Qa5 16. c3 Nc6 17. g3 hxg3 18. Rg1 Ndxe5 19. fxe5 Qxe5 20. Qh3 gxh2 21. Rg4 h5 22. Re4 Qg5 23. Nf3 Qg6 24. Nd5 e5 25. Qxh2 Qd6 26. Rd1 Bf5 27. Ne3 Bxe4 28. Rxd6 cxd6 29. Ng5 Bg6 30. Bb5 a6 31. Ba4 Bh6 32. Qg2 Rc8 33. Nd5 Kf8 34. Kd1 Ne7 35. Nxe7 Kxe7 36. Qxb7+ Kf6 37. Ne4+ Bxe4 38. Qxe4 Bf4 39. Bb3 Rcd8 40. Qd5 Rh7 41. c4 h4 42. c5 h3 43. c6 h2 44. Qh1 Rg8 0-1

[Event "YUG-ch sf"]
[Site "Pula"]
[Date "1988.01.27"]
[Round "10"]
[White "Skrcevski, Gavril"]
[Black "Hasecic, Sabahudin"]
[Result "0-1"]
[WhiteElo "2335"]
[BlackElo "2335"]
[PlyCount "80"]
[EventDate "1988.01.17"]
[EventType "swiss"]
[EventRounds "13"]
[EventCountry "CRO"]
[SourceTitle "EXT 2018"]
[Source "ChessBase"]
[SourceDate "2017.10.13"]
[SourceVersion "1"]
[SourceVersionDate "2017.10.13"]
[SourceQuality "1"]

1. d4 Nf6 2. Nf3 e6 3. g3 b6 4. Bg2 Bb7 5. 0-0 c5 6. c3 Be7 7. Re1 0-0 8. Nbd2 cxd4 9. cxd4 d5 10. Ne5 Nc6 11. Ndf3 Rc8 12. Nxc6 Rxc6 13. Ne5 Rc7 14. e3 Bb4 15. Bd2 Bxd2 16. Qxd2 Qe7 17. a3 Rfc8 18. Qb4 Kf8 19. Bf1 Ne4 20. Bd3 f6 21. Nf3 Qd6 22. Red1 a5 23. Qxd6+ Nxd6 24. Bxh7 f5 25. Ng5 Ke7 26. h4 Kf6 27. f4 g6 28. Rd2 Ne4 29. Rg2 Nxg5 30. hxg5+ Kg7 31. Bxg6 Kxg6 32. g4 Ba6 33. Rh2 Rc1+ 34. Rxc1 Rxc1+ 35. Kf2 Rc2+ 36. Kg3 Rxh2 37. gxf5+ Kxf5 38. Kxh2 Bd3 39. Kg3 Kg6 40. b4 Bf5 0-1

[Event "YUG-ch sf"]
[Site "Pula"]
[Date "1988.01.17"]
[Round "1"]
[White "Skrcevski, Gavril"]
[Black "Sulava, Nenad"]
[Result "0-1"]
[WhiteElo "2335"]
[BlackElo "2360"]
[PlyCount "100"]
[EventDate "1988.01.17"]
[EventType "swiss"]
[EventRounds "13"]
[EventCountry "CRO"]
[SourceTitle "EXT 2018"]
[Source "ChessBase"]
[SourceDate "2017.10.13"]
[SourceVersion "1"]
[SourceVersionDate "2017.10.13"]
[SourceQuality "1"]

1. d4 Nf6 2. Nf3 d6 3. Nc3 g6 4. e4 Bg7 5. Bg5 c6 6. Qd2 Bg4 7. h3 Bxf3 8. gxf3 Nbd7 9. Be2 e5 10. d5 c5 11. a4 a6 12. a5 h6 13. Be3 Nh5 14. Na4 Nf4 15. b4 Rc8 16. Bf1 cxb4 17. Qxb4 Rxc2 18. Qxb7 0-0 19. Kd1 Rc7 20. Qxa6 Qb8 21. Bb6 Nxb6 22. axb6 Re7 23. Bb5 f5 24. Bc6 fxe4 25. fxe4 Ref7 26. b7 Qd8 27. Rb1 Qh4 28. b8Q Rxb8 29. Rxb8+ Kh7 30. Rf1 Qxh3 31. Kc2 Qf3 32. Nc3 h5 33. Rbb1 h4 34. Rbe1 h3 35. Re3 Qg4 36. Rg3 Qh4 37. Qa1 h2 38. Rh1 Nh5 39. Rg2 Rxf2+ 40. Rxf2 Qxf2+ 41. Kb3 Ng3 42. Rxh2+ Qxh2 43. Qa3 Qd2 44. Qb2 Bh6 45. Bb5 Qxb2+ 46. Kxb2 Bd2 47. Nb1 Bb4 48. Kb3 Bc5 49. Bd3 Kh6 50. Nd2 Kg5 0-1